000 01398nam0a2200325 4500
001 RU\NLR\bibl\1213111
005 20250615105301.0
010 _a978-5-98597-092-0
_950
021 _aRU
_b2008-12861
_9703
035 _a(NLR Aleph) 001199517
090 _a1767312
_c1767312
100 _a20080410d2007 |||y0rusy50 ca
101 0 _arus
102 _aRU
105 _aa |||||||||
200 1 _aОсобенности многокритериальной оценки проектов в малом предпринимательстве. Методика составления портфеля проектов
_fКолдин Юрий Владимирович
210 _aМосква
_cПроспект
_d2007
215 _a16 с.
_cил.
_d21
320 _aБиблиогр.: с. 16 (5 назв.)
517 0 _aМетодика составления портфеля проектов
606 1 _aПредпринимательство малое
_xУправление
_xМатематические методы
_92500332
_3RU\NLR\auth\661482995
606 1 _aПроекты
_xОценка
_92410721
_3RU\NLR\auth\661436367
686 _aУ9(2)-13(2Р)в611
686 _aУ21(2)2
700 1 _aКолдин
_bЮ. В.
_gЮрий Владимирович
_4070
801 0 _aRU
_bNLR
_c20080410
_gRCR
801 1 _aRU
_bNLR
_c20080410
942 _cBOOK
980 _aNB